000 00856nam a2200253 a 4500
001 000028957
003 OSt
005 20250402142400.0
008 110412s1990 dr 000 0 spa d
040 _aDO-SdBNP
_bspa
_cBNPHU
082 4 _a401.41
_bA791a
_222
100 1 _aArtiles Gil, Leopoldo
_911876
245 1 0 _aAnálisis del discurso :
_bintroducción a su teoría y práctica /
_cLeopoldo Artes Gil.
260 _aSanto Domingo :
_bCentro Cultural Poveda,
_c1990.
300 _a70 p. ;
_c22 cm.
490 1 _aAprendiendo a caminar juntos
_v 1
500 _aIncluye notas al pie de las páginas
590 _aInventariado, 2021 /LP
650 4 _aAnálisis del discurso
_92282
650 0 _aComunicación escrita
_99407
830 0 _aAprendiendo a caminar juntos
_n 1
_955898
910 _aL/P/Validado. Control de calidad MFF
942 _2ddc
_cLBS1
999 _c28449
_d28449